• 首页
  • 本馆介绍
  • 公告通知
  • 最新文献
  • 馆藏检索
  • 电子资源
  • 读者导购
  • 参考咨询
  • 我的图书馆
  • 登录
  • 详细信息显示
  • 放入我的书架
  • 预约/预借图书
  • 作者相关作品
  • 分类相关作品
  • 丛书相关作品
  • 出版社相关作品

书目信息

  • 表格格式
  • 工作单格式
  • 卡片格式
书名: The forged coupon
作者: by Leo Tolstoy ; translation and introduction by David Patterson.
分册号:
分册名:
出版地: New York :
 
出版社: W.W. Norton
出版时间: c1985.
页数: 99 p. cm.
开本:
丛书名:
中图分类号:
科图分类号:
其他分类号: I512.44
主题词:
电子资源:
000 00853pam 22002891a 45x0
001 E0759292940
003 OCoLC
005 20070302162955.95
008 030430s1985 nyu 000 1 eng
010    @a 84004144
020    @a0393019128.
040    @aDLC@cDLC
041 1  @aengrus
050 10 @aPG3366@b.F3 1985
082 00 @a891.73/3 @2 19
090    @aK353.2/W11
090    @aI512.44
099    @dI512.44@ex1
100 1  @aTolstoy, Leo,@cgraf,@d1828-1910.
240 10 @aFalhivy鎖 kupon.@lEnglish
245 14 @aThe forged coupon / @cby Leo Tolstoy ; translation and introduction by David Patterson.
250    @a1st ed.
260    @aNew York :@bW.W. Norton,@cc1985.
300    @a99 p. cm.
500    @aCataloging based on CIP information.
500    @aTranslation of: Falhivy鎖 kupon.
920    @a232010@z2
    
    The forged coupon / / by Leo Tolstoy ; translation and introduction by David Patterson.-1st ed.-New York : : W.W. Norton, , c1985.
    99 p. cm.
    Cataloging based on CIP information.-Translation of: Falhivy鎖 kupon.
    
    ISBN 0393019128.
    
●
相关链接 在E读中查询图书 在五车中查询图书 在当当中查询图书 在豆瓣中查询图书


正题名:forged coupon     索取号:I512.44/x1         预约/预借

序号 登录号 条形码 馆藏地/架位号 状态 备注
1 182947   000432124   第二样本阅览室/ [索取号:I512.44/x1] 在馆    
2 182948   000432080   第四借阅区/ [索取号:I512.44/x1] 在馆    
3 182949   000432160   第四借阅区/ [索取号:I512.44/x1] 在馆    
唐山师范学院图书馆 欢迎您!
大连网信软件有限公司© 版权所有